Statistical bulletin of state road transport undertakings in India (Record no. 494227)
[ view plain ]
| 000 -LEADER | |
|---|---|
| fixed length control field | 00378cam a22001097a 4500 |
| 008 - FIXED-LENGTH DATA ELEMENTS--GENERAL INFORMATION | |
| fixed length control field | 180718b xxu||||| |||| 00| 0 eng d |
| 082 ## - DEWEY DECIMAL CLASSIFICATION NUMBER | |
| Classification number | U6 : W3x54 In2 |
| 245 ## - TITLE STATEMENT | |
| Title | Statistical bulletin of state road transport undertakings in India |
| 260 ## - PUBLICATION, DISTRIBUTION, ETC. | |
| Place of publication, distribution, etc. | New Delhi |
| Name of publisher, distributor, etc. | Government of India |
| Date of publication, distribution, etc. | |
| 500 ## - GENERAL NOTE | |
| General note | Contents: Library has 1959-1961 |
| 650 ## - SUBJECT ADDED ENTRY--TOPICAL TERM | |
| Topical term or geographic name entry element | India (Republic). Transport Research Division |
| Withdrawn status | Lost status | Damaged status | Not for loan | Permanent Location | Current Location | Date acquired | Full call number | Barcode | Date last seen | Price effective from | Koha item type |
|---|---|---|---|---|---|---|---|---|---|---|---|
| Indian Institute of Public Administration | Indian Institute of Public Administration | 2018-08-04 | U6 : W3x54 In2 | G8791 | 2018-08-04 | 2018-08-04 | G | ||||
| Indian Institute of Public Administration | Indian Institute of Public Administration | 2018-08-04 | U6 : W3x54 In2 | G5670 | 2018-08-04 | 2018-08-04 | G | ||||
| Indian Institute of Public Administration | Indian Institute of Public Administration | 2018-08-04 | U6 : W3x54 In2 | G828 | 2018-08-04 | 2018-08-04 | G |
